Los Españoles ante las campañas de Marruecos / (Record no. 5853)

MARC details
000 -LEADER
campo de control de longitud fija 00894nam a2200265 i 4500
001 - NÚMERO DE CONTROL
campo de control 5853
003 - IDENTIFICADOR DE NÚMERO DE CONTROL
campo de control ES-MaACL
005 - FECHA Y HORA DE LA ÚLTIMA TRANSACCIÓN
campo de control 20250730155716.0
007 - CAMPO FIJO DE DESCRIPCIÓN FÍSICA--INFORMACIÓN GENERAL
campo de control de longitud fija t|
008 - DATOS DE LONGITUD FIJA--INFORMACIÓN GENERAL
campo de control de longitud fija 890531s1988 sp ||||1| spa d
020 ## - NÚMERO INTERNACIONAL ESTÁNDAR DEL LIBRO
Número Internacional Estándar del Libro 84-239-6540-6
080 ## - NÚMERO DE LA CLASIFICACIÓN DECIMAL UNIVERSAL
Número de la Clasificación Decimal Universal 9(46)"1909/1914"
080 ## - NÚMERO DE LA CLASIFICACIÓN DECIMAL UNIVERSAL
Número de la Clasificación Decimal Universal 9(64)"1909/1914"
100 1# - ENTRADA PRINCIPAL--NOMBRE DE PERSONA
Nombre de persona Bachoud, Andree.
9 (RLIN) 24486
245 14 - MENCIÓN DEL TÍTULO
Título Los Españoles ante las campañas de Marruecos /
Mención de responsabilidad, etc. Andree Bachoud ; [introducción de Carlos Seco Serrano].
260 ## - PUBLICACIÓN, DISTRIBUCIÓN, ETC.
Lugar de publicación, distribución, etc. Madrid :
Nombre del editor, distribuidor, etc. Espasa-Calpe,
Fecha de publicación, distribución, etc. D.L. 1988.
300 ## - DESCRIPCIÓN FÍSICA
Extensión 421 p. ;
Dimensiones 23 cm.
490 1# - MENCIÓN DE SERIE
Mención de serie Espasa universidad ;
Designación de volumen o secuencia 14
504 ## - NOTA DE BIBLIOGRAFÍA, ETC.
Nota de bibliografía, etc. Bibliogr.: p. 397-421.
651 #4 - PUNTO DE ACCESO ADICIONAL DE MATERIA--NOMBRE GEOGRÁFICO
Nombre geográfico España-
Subdivisión general Historia-
Subdivisión cronológica 1909-1925, Guerra de África
9 (RLIN) 8280
700 1# - ENTRADA AGREGADA--NOMBRE PERSONAL
Nombre de persona Seco Serrano, Carlos,
Fechas asociadas al nombre 1923-2020
9 (RLIN) 105054
830 0# - PUNTO DE ACCESO ADICIONAL DE SERIE-TÍTULO UNIFORME
Título uniforme Espasa universidad ;
Designación de volumen o secuencia 14
9 (RLIN) 177376
852 ## - LOCALIZACIÓN
Ubicación ES-MaACL
Número de control de estantería L-12908
Sublocalización o colección R.116480
Nota libre . - rust.
Holdings
Estatus retirado Estado de pérdida Estado de daño No para préstamo Biblioteca de origen Biblioteca actual Ubicación en estantería Fecha de adquisición Fuente de adquisición Total de préstamos Signatura topográfica completa Código de barras Visto por última vez Precio de reemplazo Tipo de ítem Koha
        Biblioteca del Ateneo de Madrid Biblioteca del Ateneo de Madrid Depósito 2 17/01/2008     L-12908 1005947 23/02/2023 23/02/2023 Libro impreso